Cultural political economy of small cities / (Record no. 14874)
[ view plain ]
| 000 -LEADER | |
|---|---|
| fixed length control field | 02611cam a2200325 a 4500 |
| 001 - CONTROL NUMBER | |
| control field | 16710890 |
| 003 - CONTROL NUMBER IDENTIFIER | |
| control field | OSt |
| 005 - DATE AND TIME OF LATEST TRANSACTION | |
| control field | 20170105102906.0 |
| 008 - FIXED-LENGTH DATA ELEMENTS--GENERAL INFORMATION | |
| fixed length control field | 110328s2012 enkab b 001 0 eng |
| 010 ## - LIBRARY OF CONGRESS CONTROL NUMBER | |
| LC control number | 2011010801 |
| 020 ## - INTERNATIONAL STANDARD BOOK NUMBER | |
| International Standard Book Number | 9780415589505 (hbk) |
| 020 ## - INTERNATIONAL STANDARD BOOK NUMBER | |
| International Standard Book Number | 9780203803844 (ebk) |
| 040 ## - CATALOGING SOURCE | |
| Original cataloging agency | DLC |
| Transcribing agency | DLC |
| 042 ## - AUTHENTICATION CODE | |
| Authentication code | pcc |
| 050 00 - LIBRARY OF CONGRESS CALL NUMBER | |
| Classification number | HT153 |
| Item number | .C85 2012 |
| 082 00 - DEWEY DECIMAL CLASSIFICATION NUMBER | |
| Classification number | 307.76 |
| Edition number | 22 |
| Author Mark | CUL 2012 |
| 245 00 - TITLE STATEMENT | |
| Title | Cultural political economy of small cities / |
| Statement of responsibility, etc. | edited by Anne Lorentzen and Bas van Heur. |
| 260 ## - PUBLICATION, DISTRIBUTION, ETC. | |
| Place of publication, distribution, etc. | Milton Park, Abingdon, Oxon ; |
| -- | New York : |
| Name of publisher, distributor, etc. | Routledge, |
| Date of publication, distribution, etc. | c2012. |
| 300 ## - PHYSICAL DESCRIPTION | |
| Extent | xiv, 216 p. : |
| Other physical details | ill., maps ; |
| Dimensions | 25 cm. |
| 504 ## - BIBLIOGRAPHY, ETC. NOTE | |
| Bibliography, etc. note | Includes bibliographical references and index. |
| 505 0# - FORMATTED CONTENTS NOTE | |
| Formatted contents note | Introduction, cultural political economy of small cities / Anne Lorentzen and Bas van Heur -- Small cities and the sociospatial specificity of economic development : a heuristic approach / Bas van Heur 3. On a road to nowhere : a comment on amenities and urban and regional development / Høgni Kalsø Hansen and Lars Winther -- Finding creativity in a small city : how qualitative mapping methods can reveal new geographies of creativity / Chris Brennan-Horley -- Sustaining small cities through leisure, culture and experience economy / Anne Lorentzen -- Clarifying creativity and culture in a small city on the Canadian periphery : challenges and opportunities in greater Sudbury / Heather M. Hall and Betsy Donald -- The role of arts and culture in economic regeneration : Gaelic in Glasgow / Douglas Chalmers and Mike Danson -- Making a micropole : the experiensation of Vejle / Søren Smidt-Jensen -- Eclectic creativity : interdisciplinary creative alliances as informal cultural strategy / Alison Bain and Dylann McLean -- Europe's internal periphery : small towns in the context of reflexive polycentricity / Paul L. Knox and Heike Mayer -- Shifting strategies and contexts for culture in small city planning : interlinking quality of life, economic development, downtown vitality, and community sustainability / Nancy Duxbury -- Conflicting economic and cultural subjectivities : governing the future of a small and shrinking city / Nina Gribat -- Landscapes of nostalgia : place marketing and nostalgia in the American small town / Jennifer Mapes. |
| 650 #0 - SUBJECT ADDED ENTRY--TOPICAL TERM | |
| Topical term or geographic name entry element | Small cities |
| General subdivision | Economic aspects. |
| 650 #0 - SUBJECT ADDED ENTRY--TOPICAL TERM | |
| Topical term or geographic name entry element | Sociology, Urban. |
| 650 #0 - SUBJECT ADDED ENTRY--TOPICAL TERM | |
| Topical term or geographic name entry element | City planning. |
| 700 1# - ADDED ENTRY--PERSONAL NAME | |
| Personal name | Lorentzen, Anne. |
| 700 1# - ADDED ENTRY--PERSONAL NAME | |
| Personal name | Heur, Bas van. |
| 906 ## - LOCAL DATA ELEMENT F, LDF (RLIN) | |
| a | 7 |
| b | cbc |
| c | orignew |
| d | 1 |
| e | ecip |
| f | 20 |
| g | y-gencatlg |
| 942 ## - ADDED ENTRY ELEMENTS (KOHA) | |
| Source of classification or shelving scheme | |
| Koha item type | Book |
| Withdrawn status | Lost status | Damaged status | Not for loan | Collection code | Permanent Location | Current Location | Shelving location | Date acquired | Total Checkouts | Full call number | Barcode | Date last seen | Price effective from | Koha item type |
|---|---|---|---|---|---|---|---|---|---|---|---|---|---|---|
| Centre for International Peace & Stability (CIPS) | Centre for International Peace & Stability (CIPS) | General Stacks | 10/02/2013 | 307.76 CUL 2012 | CIPS0001973 | 10/24/2013 | 10/24/2013 | Book |
